[Event "AUTO-INT-196"]
[Site "http://www.queenalice.com/game.php?id=113250"]
[Date "2006.10.5"]
[Round "1"]
[White "lmbagolin"]
[Black "naldinho"]
[Result "1-0"]
[WhiteElo "1556"]
[BlackElo "1441"]

1. e4 e5 2. Bc4 Qh4 3. Qf3 Qf6 4. Nh3 Qxf3 5. gxf3 Nc6 6. Ng5 Nh6 7. Nc3 Nb4 8.
Bb3 f6 9. Nh3 d6 10. a3 Nc6 11. Nd5 Kd8 12. Ng1 Nd4 13. Ba2 Nxc2+ 14. Kd1 Nxa1
15. b4 c6 16. Nc3 a5 17. bxa5 Rxa5 18. Bb2 Nc2 19. Kxc2 Rc5 20. Kb1 d5 21. exd5
Be7 22. Ne4 Bf5 23. d3 Bxe4 24. dxe4 cxd5 25. Ne2 Rb5 26. Nc3 Rb6 27. Nxd5 Rb5
28. Rd1 Rc5 29. Nxf6+ Kc8 30. Be6+ Kc7 31. Rd7+ Kc6 32. Bd5+ Kb5 33. Rxb7+ Ka4
34. Nd7 Rcc8 35. Nb6+ Ka5 36. Nxc8 Rxc8 37. Rxe7 Rf8 38. Rxe5 Rb8 39. Kc2 Rc8+
40. Kd3 Rd8 41. Ke3 Rb8 42. Bc6+ Kb6 43. Rb5+ 1-0

[Event "AUTO-OPEN-409"]
[Site "http://www.queenalice.com/game.php?id=113378"]
[Date "2006.10.5"]
[Round "1"]
[White "Catamarca"]
[Black "lmbagolin"]
[Result "1-0"]
[WhiteElo "1534"]
[BlackElo "1601"]

1. e4 e5 2. Bc4 Bc5 3. Nf3 Qf6 4. d3 h6 5. a3 g5 6. Nc3 c6 7. h4 g4 8. d4 exd4
9. e5 Qf5 10. Nxd4 Bxd4 11. Qxd4 d5 12. Bd3 Qe6 13. Bf4 f6 14. O-O-O f5 15. h5
Nd7 16. f3 c5 17. Qxd5 Nb6 18. Qxc5 Nd7 19. Qd6 Nb6 20. Qxe6+ Bxe6 21. Bb5+ Kf7
22. fxg4 fxg4 23. Rdf1 Kg7 24. Rd1 Ne7 25. g3 Nbd5 26. Nxd5 Bxd5 27. Rhf1 Bc6
28. Bxc6 1-0

[Event "AUTO-OPEN-409"]
[Site "http://www.queenalice.com/game.php?id=113379"]
[Date "2006.10.5"]
[Round "1"]
[White "lmbagolin"]
[Black "Catamarca"]
[Result "0-1"]
[WhiteElo "1621"]
[BlackElo "1514"]

1. e4 d6 2. Bc4 Nf6 3. Nf3 Nxe4 4. O-O Nc6 5. d3 Nf6 6. Nc3 e5 7. Ng5 d5 8. Bb3
Bc5 9. h3 O-O 10. Qf3 Nd4 11. Qg3 Nf5 12. Qxe5 Bd6 13. Qe2 Re8 14. Qd2 Bb4 15.
a3 Ba5 16. Ba2 Qd7 17. b4 Bb6 18. g4 Nh4 19. Qf4 d4 20. Nxf7 Qxf7 21. Bxf7+ Kxf7
22. g5 Ng6 23. Qf3 Ne5 24. Qf4 Ng6 25. Qf3 Nh4 26. Qd1 Nd7 27. Nd5 Ne5 28. f4
Neg6 29. a4 c6 30. Nxb6 axb6 31. Re1 Bxh3 32. Rxe8 Rxe8 0-1

[Event "AUTO-OPEN-409"]
[Site "http://www.queenalice.com/game.php?id=113424"]
[Date "2006.10.5"]
[Round "1"]
[White "serrameira"]
[Black "lmbagolin"]
[Result "0-1"]
[WhiteElo "1602"]
[BlackElo "1539"]

1. c4 e5 2. g3 Bc5 3. Bg2 Qf6 4. e3 Nc6 5. Nc3 Nh6 6. Ne4 Qe7 7. Nf3 f5 8. Nxc5
Qxc5 9. b3 f4 10. d4 exd4 11. exd4 Qe7+ 12. Qe2 Qxe2+ 13. Kxe2 fxg3 14. Bxh6
gxh6 15. hxg3 d6 16. Rxh6 Bg4 17. Kf1 Bxf3 18. Bxf3 Nxd4 19. Bxb7 Rb8 20. Be4
Kf8 21. Kg2 Kg7 22. Rah1 Rbf8 23. Rxh7+ Rxh7 24. Rxh7+ Kf6 25. Rxc7 Ke5 26. f3
Ne2 27. Rxa7 Kd4 28. Bd5 Ke3 29. Re7+ Kd2 30. Rd7 Nc3 31. Rxd6 Nxa2 32. b4 Nxb4
33. c5 Ke2 34. f4 Nd3 35. Bf3+ Ke3 36. c6 Ne1+ 37. Kh3 Kxf3 38. c7 Rh8+ 0-1

[Event "AUTO-OPEN-409"]
[Site "http://www.queenalice.com/game.php?id=113425"]
[Date "2006.10.5"]
[Round "1"]
[White "lmbagolin"]
[Black "serrameira"]
[Result "0-1"]
[WhiteElo "1567"]
[BlackElo "1774"]

1. e4 e5 2. Bc4 Nf6 3. Nf3 Bd6 4. Nc3 Nc6 5. a3 O-O 6. d3 a6 7. Nd5 h6 8. b4 b5
9. Ba2 Nd4 10. Nxd4 exd4 11. Qe2 Nxd5 12. Bxd5 c6 13. Ba2 a5 14. Qg4 Qf6 15. O-O
Be5 16. f4 Bc7 17. e5 Qe7 18. f5 Bxe5 19. Re1 d6 20. Bf4 Qf6 21. Bxe5 dxe5 22.
Rf1 Bd7 23. Rae1 Rae8 24. bxa5 Ra8 25. Qe4 c5 26. Bd5 Rxa5 27. Qxe5 Qxe5 28.
Rxe5 Re8 29. Rfe1 Kf8 30. Rxe8+ Bxe8 31. Re5 Rxa3 32. f6 g6 33. Bb3 c4 34. dxc4
bxc4 35. Bxc4 Rc3 36. Bb3 d3 37. Re3 Bb5 38. Re5 Bc6 39. Re3 d2 40. Rd3 Rxd3 41.
cxd3 Bd5 42. Bd1 Ke8 43. Kf2 Kd7 44. Ke3 Bxg2 45. Kxd2 Ke6 46. Kc3 Kxf6 47. Bb3
Bh3 48. d4 Ke7 49. d5 Kd6 50. Kd4 Bg2 51. Bc4 f5 52. Bd3 Bxd5 53. h4 Be6 54. Bc2
Bd7 55. Ke3 Ke5 56. Kf3 Bc6+ 57. Kf2 Kf4 58. Bd3 Kg4 59. Ke3 Kxh4 60. Kf4 Be4
61. Bxe4 fxe4 62. Kxe4 Kg4 63. Ke3 Kg3 64. Ke2 Kg2 65. Ke3 g5 66. Ke4 Kg3 67.
Kf5 Kh4 68. Kg6 h5 69. Kf5 g4 70. Kf4 g3 71. Kf3 Kh3 72. Kf4 h4 73. Kg5 g2 74.
Kf4 g1=Q 75. Ke4 Kg3 76. Ke5 h3 77. Kf5 h2 78. Ke5 h1=Q 79. Kf5 Qf2+ 80. Ke5
Qhe1+ 81. Kd5 Qfd2+ 82. Kc4 Qec1+ 83. Kb3 Qdb2+ 0-1

[Event "Challenge"]
[Site "http://www.queenalice.com/game.php?id=117858"]
[Date "2006.10.16"]
[Round "-"]
[White "prof_zeco"]
[Black "lmbagolin"]
[Result "0-1"]
[WhiteElo "1199"]
[BlackElo "1536"]

1. d4 d5 2. e4 dxe4 3. Nc3 f5 4. Bc4 Nc6 5. d5 Ne5 6. Bb5+ Bd7 7. Bg5 h6 8. Qh5+
g6 9. Qh4 Bg7 10. Be3 Nf6 11. Bd4 g5 12. Qg3 Neg4 13. h3 Nh5 14. Qxg4 fxg4 15.
Nge2 gxh3 16. Rxh3 Nf6 17. Ng3 a6 18. Be2 Bxh3 19. gxh3 O-O 20. Bc4 Qd6 21.
O-O-O b5 22. Be2 b4 23. Ncxe4 Qd7 24. d6 cxd6 25. Bg4 Nxg4 26. hxg4 Qxg4 27. Rd2
Qf4 28. Be3 Qe5 29. Rd4 Qa5 30. Bd2 Bxd4 0-1

[Event "Challenge"]
[Site "http://www.queenalice.com/game.php?id=136489"]
[Date "2006.12.3"]
[Round "-"]
[White "Fredov"]
[Black "lmbagolin"]
[Result "0-1"]
[WhiteElo "1755"]
[BlackElo "1595"]

1. e4 e5 2. Nf3 Nc6 3. Bc4 Nf6 4. O-O h6 5. Nc3 b6 6. d3 Bc5 7. Be3 Qe7 8. Nd5
Nxd5 9. Bxd5 Bb7 10. d4 exd4 11. Bxd4 O-O-O 12. Bxg7 Rh7 13. Bc3 Rg8 14. Re1 a5
15. Nd4 Bxd4 16. Bxd4 Nxd4 17. Qxd4 Bxd5 18. exd5 Rhg7 19. g3 Qd6 20. a3 h5 21.
Re3 h4 22. Qxh4 Qxd5 23. Rae1 Rg6 24. Re8+ Rxe8 25. Rxe8+ Kb7 26. h3 Qf3 27. Qd8
Qd1+ 28. Kg2 Qd5+ 29. Kh2 Ka6 30. Qxc7 Rc6 31. Re5 Qd4 32. Qb8 Qxf2+ 33. Kh1
Qf1+ 0-1

[Event "Challenge"]
[Site "http://www.queenalice.com/game.php?id=155274"]
[Date "2007.1.17"]
[Round "-"]
[White "juleba"]
[Black "lmbagolin"]
[Result "0-1"]
[WhiteElo "1640"]
[BlackElo "1559"]

1. e4 e5 2. Nc3 Bc5 3. Nf3 d6 4. Bc4 h6 5. O-O Nf6 6. d4 Nc6 7. dxc5 Bg4 8. cxd6
cxd6 9. h3 Bh5 10. g4 Bg6 11. Bb5 a6 12. Ba4 b5 13. Bb3 h5 14. Ng5 hxg4 15. hxg4
Qb6 16. Be3 Nd4 17. Nd5 Qb7 18. Bxd4 exd4 19. Qxd4 O-O-O 20. Ne7+ Qxe7 21. Qb6
Nxe4 22. Rfe1 Qxg5 23. Qc6+ Kb8 24. Bd5 Qxg4+ 25. Kf1 Rh1# 0-1

[Event "AUTO-INT-337"]
[Site "http://www.queenalice.com/game.php?id=164600"]
[Date "2007.2.7"]
[Round "1"]
[White "kcarlin"]
[Black "lmbagolin"]
[Result "1-0"]
[WhiteElo "1869"]
[BlackElo "1649"]

1. c4 e5 2. g3 Bc5 3. Bg2 Nf6 4. e3 Nc6 5. Ne2 d6 6. O-O Be6 7. b3 Qd7 8. d4 Bb4
9. a3 Ba5 10. d5 Bh3 11. dxc6 bxc6 12. b4 Bb6 13. Nbc3 a6 14. Bb2 h6 15. Qc2 Nh7
16. Qe4 Ng5 17. Qxc6 O-O-O 18. Qa8# 1-0

[Event "AUTO-INT-337"]
[Site "http://www.queenalice.com/game.php?id=164601"]
[Date "2007.2.7"]
[Round "1"]
[White "lmbagolin"]
[Black "kcarlin"]
[Result "0-1"]
[WhiteElo "1542"]
[BlackElo "1880"]

1. e4 c5 2. Bc4 d6 3. Nf3 Nf6 4. e5 dxe5 5. Nc3 Bg4 6. h3 Bh5 7. g4 Bg6 8. Nxe5
e6 9. Qf3 Qc7 10. Nxg6 hxg6 11. Nb5 Qe5+ 12. Qe3 Qxe3+ 13. dxe3 Kd7 14. f3 a6
15. Nc3 b5 16. Bd3 Bd6 17. b3 Bg3+ 18. Ke2 Be5 19. Bb2 Nc6 20. Rad1 Ke7 21. g5
Nh5 22. Kf2 Rad8 23. f4 Bc7 24. Ne4 Bb6 25. Ng3 Nxg3 26. Kxg3 Rh7 27. h4 Nb4 28.
a3 Nxd3 29. Rxd3 Rxd3 30. cxd3 f6 31. gxf6+ gxf6 32. Kg4 Kf7 33. e4 f5+ 34. exf5
exf5+ 35. Kf3 Bd8 36. d4 cxd4 37. Bxd4 Rxh4 38. Rd1 Rh3+ 39. Kg2 Rxb3 40. Bc5
Rb2+ 41. Kf3 Rb3+ 42. Ke2 Bf6 43. Rd7+ Ke6 44. Rd6+ Kf7 45. Rxa6 g5 46. fxg5
Bxg5 47. Kd1 Rb2 48. Rb6 Ke8 49. a4 Rd2+ 50. Ke1 bxa4 51. Ra6 Ra2 52. Ra5 Bd2+
0-1

[Event "AUTO-INT-337"]
[Site "http://www.queenalice.com/game.php?id=164616"]
[Date "2007.2.7"]
[Round "1"]
[White "jocker_1"]
[Black "lmbagolin"]
[Result "1-0"]
[WhiteElo "1456"]
[BlackElo "1628"]

1. d4 d5 2. c4 dxc4 3. Nc3 Nf6 4. Nf3 Nc6 5. e3 e6 6. Bxc4 g6 7. O-O Bg7 8. Bb5
Qd6 9. Ne5 a6 10. Qf3 axb5 11. Nxb5 Qd8 12. Nxc6 bxc6 13. Qxc6+ Bd7 14. Nxc7+
Ke7 15. Qc5# 1-0

[Event "AUTO-INT-337"]
[Site "http://www.queenalice.com/game.php?id=164617"]
[Date "2007.2.7"]
[Round "1"]
[White "lmbagolin"]
[Black "jocker_1"]
[Result "0-1"]
[WhiteElo "1642"]
[BlackElo "1522"]

1. e4 e5 2. Bc4 Nf6 3. Nf3 Bd6 4. Ng5 O-O 5. Nc3 Nc6 6. b3 h6 7. Nf3 Bc5 8. Bb2
Ng4 9. O-O d6 10. h3 Nf6 11. Nd5 Nxd5 12. Bxd5 Be6 13. a4 Bxd5 14. exd5 Ne7 15.
c4 c6 16. dxc6 Nxc6 17. Bc3 Qf6 18. Qe2 Bd4 19. Bxd4 exd4 20. d3 Rfe8 21. Qd2
Re7 22. b4 Ne5 23. Nxe5 Rxe5 24. f4 Rf5 25. g4 Qg6 26. Kh2 Rf6 27. f5 Qg5 28.
Qe2 Qe3 29. Rae1 Qg5 30. Qe7 h5 31. Kg3 h4+ 32. Kf3 g6 33. Qxb7 Rf8 34. Qxa7
gxf5 35. Ke2 Qe3+ 36. Kd1 Qxd3+ 37. Kc1 Qxc4+ 38. Kb1 Qxb4+ 39. Ka2 Qd2+ 40. Kb3
Qd3+ 41. Kb4 Qc3+ 42. Kb5 Qb3+ 43. Ka5 Qxh3 44. Qxd4 Ra8+ 45. Kb5 Qb3+ 46. Kc6
Rc8+ 0-1

[Event "AUTO-INT-337"]
[Site "http://www.queenalice.com/game.php?id=164628"]
[Date "2007.2.7"]
[Round "1"]
[White "lmbagolin"]
[Black "z3r0vulc4n"]
[Result "1-0"]
[WhiteElo "1628"]
[BlackElo "1496"]

1. e4 e5 2. Bc4 Nf6 3. Nf3 d6 4. h3 Nxe4 5. d3 Nf6 6. Ng5 d5 7. Bb5+ c6 8. Ba4
h6 9. Nf3 Nfd7 10. O-O Nc5 11. Bb3 Nxb3 12. axb3 f6 13. c4 dxc4 14. bxc4 g5 15.
Nc3 f5 16. Nxe5 Qd6 17. Re1 Kd8 18. Nf7+ Kc7 19. Nxd6 Kxd6 20. Ra5 f4 21. Ne4+
Kc7 22. Nf6 Nd7 23. Ne8+ Kd8 24. Qe2 Bb4 25. Bd2 Bf8 26. Rf5 Nc5 27. Rxf8 Rxf8
28. Qe7# 1-0

[Event "AUTO-INT-337"]
[Site "http://www.queenalice.com/game.php?id=164629"]
[Date "2007.2.7"]
[Round "1"]
[White "z3r0vulc4n"]
[Black "lmbagolin"]
[Result "0-1"]
[WhiteElo "1495"]
[BlackElo "1639"]

1. e4 e5 2. Nf3 Nc6 3. Nc3 a6 4. a3 Nf6 5. h3 g6 6. d3 Bg7 7. Ng5 O-O 8. f3 h6
9. h4 hxg5 10. Bxg5 Nd4 11. Nd5 c6 12. Nxf6+ Bxf6 13. Bxf6 Qxf6 14. c3 Ne6 15.
g4 d5 16. exd5 cxd5 17. h5 d4 18. h6 Kh7 19. cxd4 Nxd4 20. b4 Nxf3+ 21. Kf2 Bxg4
22. Be2 Nd4+ 23. Kg3 Qf4+ 24. Kg2 Bxe2 25. Qg1 Qg4+ 26. Kf2 Qf3+ 27. Ke1 Nc2+
28. Kd2 Qxd3+ 29. Kc1 Nxa1 30. Qg5 Qc2# 0-1

[Event "Challenge"]
[Site "http://www.queenalice.com/game.php?id=174542"]
[Date "2007.2.27"]
[Round "-"]
[White "lmbagolin"]
[Black "schwam"]
[Result "0-1"]
[WhiteElo "1556"]
[BlackElo "1670"]

1. e4 e5 2. Bc4 Nf6 3. Nf3 Nxe4 4. Nxe5 d5 5. Bb3 f6 6. Nd3 Be6 7. f3 Nc5 8.
Nxc5 Bxc5 9. Nc3 Nc6 10. d3 Bb4 11. Bd2 O-O 12. a3 Ba5 13. Qe2 Nd4 14. Qd1 Re8
15. O-O Nxb3 16. cxb3 Bb6+ 17. Kh1 d4 18. Ne4 Bd5 19. b4 f5 20. Ng3 g6 21. a4 c6
22. a5 Bc7 23. Ne2 Qf6 24. Nf4 Bxf4 25. Bxf4 g5 26. Bd2 f4 27. h3 h5 28. Qc2 a6
29. Rae1 Qf7 30. Rf2 Rxe1+ 31. Bxe1 Qe6 32. Re2 Qf7 33. Re5 Qf6 34. Qe2 Ba2 35.
Re8+ Rxe8 36. Qxe8+ Kg7 37. Qd7+ Qf7 38. Qxd4+ Qf6 39. Qd7+ Qf7 40. Bc3+ Kg6 41.
Qd6+ Qe6 42. Qxe6+ Bxe6 43. Kg1 Kf5 44. Kf2 g4 45. hxg4+ hxg4 46. fxg4+ Kxg4 47.
Be5 Kf5 48. Bc7 Bd5 49. g3 fxg3+ 50. Bxg3 Bb3 51. Ke3 Ke6 52. Ke4 Bc2 53. Kd4
Kd7 0-1

[Event "Cerveza VS Caipiriña"]
[Site "http://www.queenalice.com/game.php?id=186688"]
[Date "2007.3.23"]
[Round "-"]
[White "pollo"]
[Black "lmbagolin"]
[Result "0-1"]
[WhiteElo "1308"]
[BlackElo "1540"]

1. e4 e5 2. Nf3 Nc6 3. Bb5 Qf6 4. O-O a6 5. Bxc6 dxc6 6. d4 h6 7. dxe5 Qg6 8. c4
Bh3 9. Nh4 Qxe4 10. Re1 Qxh4 11. e6 Bxe6 12. f4 Bd6 13. f5 O-O-O 14. Be3 Bxh2+
15. Kf1 Rxd1 16. Rxd1 Bxc4+ 0-1